| 000 | 01069nam a2200205 a 4500 | ||
|---|---|---|---|
| 001 | 000702564 | ||
| 003 | AM-YEHGA | ||
| 005 | 20250926093538.0 | ||
| 008 | 091210n ru |||||||||||00||0|rus|d | ||
| 040 | _aAM-YeHGA | ||
| 041 | 1 |
_arus _heng |
|
| 100 | 1 | _aДжордж, Генри | |
| 245 | 1 | 0 |
_aПрогресс и бедность : _bИзследования причин упадка промышленности и увеличения бедности, растущей вместе с увеличением богатства : Средства помощи / _cГенри Джордж ; Пер. с послед. англ. изд. А.Г. Сахаровой ; Под ред. А.К. Шеллера. |
| 260 |
_aС.-Петербург : _bИзд. кн. маг. М.М. Ледерле, _cБ. г. |
||
| 300 | _a602 с. | ||
| 650 | 1 | 4 | _aРаспределение, сохранение и потребление материальных благ |
| 700 | 1 |
_aСахаров, А.Г. _eпер. _4trl |
|
| 700 | 1 |
_aШеллер, А.К. _eред. _4edt |
|
| 942 |
_2udc _cBK |
||
| 999 |
_c536186 _d536186 |
||